Score 0/26 Timer 04:00
1 Play Today
Clue 4-Letter Word % Correct
Paris Hilton and Nicole Richie reality show, 'The Simple ____'LIFE
95.5%
Reality show '____ Me a Supermodel'MAKE
93.8%
Gordon Ramsay reality show '____'s Kitchen'HELL
92.3%
Reality show 'The Amazing ____'RACE
91.7%
Reality show 'For ____ or Money'LOVE
91%
Many people claim that reality TV is thisFAKE
90.7%
Like most American Idol result showsLIVE
87.8%
Reality show 'Extreme Makeover: ____ Edition'HOME
87.7%
SyFy reality show '____ Off'FACE
87.5%
Item not received by eliminated contestants on 'The Bachelor'ROSE
86.6%
Staple in most Survivor contestants' dietsRICE
86.1%
With the last rung, reality show similar to 'Trading Spouses'WIFE
85.5%
Human Tetris game show, '____ in the Wall'HOLE
84.8%
Clue 4-Letter Word % Correct
Type of person that will be featured for the first time on 'America's Next Top Model' in its 20th seasonMALE
82.5%
To be voted off, fired, or told 'Auf Wiedersehen'LOSE
80.3%
ESPN high school makeover reality show, '____ Up'RISE
80%
Winner of 'The Celebrity Apprentice 5' Arsenio's surnameHALL
77.8%
With the first rung, reality show similar to 'Trading Spouses'SWAP
76.9%
Host of 'reality show clip time' on 'The Soup', Joel Mc____HALE
74.9%
Reality show with a saboteur, 'The ____'MOLE
66.6%
In addition to keep and toss, a pile made on TLC's reality show 'Clean Sweep'SELL
50.6%
UK reality show 'Strictly ____ Dancing'COME
49%
Former X-Factor judge CherylCOLE
48.7%
Reality show with plastic surgery makeovers, 'The ____'SWAN
43.5%
The Bachelor's Mr. Lowe or season one 'Survivor' contestant with alphabet strategy SEAN
39.9%
A coach on Australia's version of 'The Voice'SEAL
38.9%

Today's Daily Dose

Missing Word
'T' Pairs

Word Ladder
Game Pieces

Get the Picture
Baseball Movies

Remove Ads.
Support Sporcle.
Get the best of Sporcle when you Go Orange. This ad-free experience offers more features, more stats, and more fun while also helping to support Sporcle. Thank you for becoming a member.

You're not logged in!

Compare scores with friends on all Sporcle quizzes.
OR
Log In

Show Comments

Extras

Top Quizzes Today


Score Distribution

Your Account Isn't Verified!

In order to create a playlist on Sporcle, you need to verify the email address you used during registration. Go to your Sporcle Settings to finish the process.

Report this User

Report this user for behavior that violates our Community Guidelines.

Details: